| 000 | 00666nam a2200205 4500 | ||
|---|---|---|---|
| 001 | 127525 | ||
| 003 | ES-MaACL | ||
| 005 | 20250905063048.0 | ||
| 007 | t| | ||
| 008 | 070214s1930 sp r ||||1| spa d | ||
| 100 | 1 |
_aRisco, Vicente, _d1884-1963 _997461 |
|
| 245 | 1 | 3 |
_aEl problema político de Galicia / _cVicente Risco ; prólogo de Alvaro de las Casas. |
| 260 |
_aMadrid : _bCompañia General de Artes Gráficas, _c1930. |
||
| 300 |
_a248 p. ; _c24 x 13 cm. |
||
| 650 | 4 |
_aNacionalismo- _zGalicia. _915455 |
|
| 651 | 4 |
_aGalicia- _xHistoria. _98728 |
|
| 700 | 1 |
_aCasas, Alvaro de las. _936183 |
|
| 852 |
_aES-MaACL _jB-9061 |
||
| 999 |
_c127525 _d127525 |
||